Teoría general del proceso / (Registro nro. 8440)
[ vista simple ]
| 000 -LEADER | |
|---|---|
| fixed length control field | 01914nam a2200277Ia 4500 |
| 003 - CONTROL NUMBER IDENTIFIER | |
| control field | OSt |
| 005 - DATE AND TIME OF LATEST TRANSACTION | |
| control field | 20210831162925.0 |
| 008 - FIXED-LENGTH DATA ELEMENTS--GENERAL INFORMATION | |
| fixed length control field | 210310s1992 ck fr 001 0 spa d |
| 020 ## - INTERNATIONAL STANDARD BOOK NUMBER | |
| International Standard Book Number | 8482725343 |
| 040 ## - CATALOGING SOURCE | |
| Original cataloging agency | CO-JMCR |
| Transcribing agency | CO-JMCR |
| 041 0# - LANGUAGE CODE | |
| Language code of text/sound track or separate title | spa |
| 082 04 - DEWEY DECIMAL CLASSIFICATION NUMBER | |
| Classification number | 347.9 / |
| Item number | Q78t |
| Edition number | 23 |
| 100 1# - MAIN ENTRY--PERSONAL NAME | |
| Personal name | Quintero, Beatriz, |
| 9 (RLIN) | 17277 |
| Relator term | autor |
| 245 10 - TITLE STATEMENT | |
| Title | Teoría general del proceso / |
| Statement of responsibility, etc. | Beatriz Quintero, Eugenio Prieto |
| 260 ## - PUBLICATION, DISTRIBUTION, ETC. | |
| Place of publication, distribution, etc. | Bogotá : |
| Name of publisher, distributor, etc. | Editorial Temis, |
| Date of publication, distribution, etc. | 1992 |
| 300 ## - PHYSICAL DESCRIPTION | |
| Extent | xv, 352 páginas ; |
| Dimensions | 22 cm. |
| 500 ## - GENERAL NOTE | |
| General note | Incluye notas a pie de página e índice de autores y de materias. |
| 504 ## - BIBLIOGRAPHY, ETC. NOTE | |
| Bibliography, etc. note | Bibliografía: páginas [331]-333 |
| 505 0# - FORMATTED CONTENTS NOTE | |
| Formatted contents note | La teoría del proceso -- Teoría de la norma procesal -- Los principios generales del derecho procesal -- Aspecto histórico -- La jurisdicción -- La competencia -- El derecho de acción -- La pretensión -- El proceso |
| 520 3# - SUMMARY, ETC. | |
| Summary, etc. | La noción y el concepto de la teoría del proceso como disciplina objeto de un estudio revestido de autonomía, puede considerarse relativamente nuevo puesto que apenas si se introduce en el ámbito de los estudios universitarios del país, separando cuanto se involucraba: esta teoría general apena se analizaba como un apéndice introductorio se las cátedras que corresponden al estudio del derecho procesal civil general y del derecho procesal general, actitud que se traduce en una postura que no se compagina con la moderna concepción unitaria de la naturaleza del proceso y que se adecúa más a esa otra, que lenta pero paulatinamente se supera, del proceso penal y el proceso civil como nociones científicas irreductibles, aludiendo, aunque no se admita abiertamente, a un proceso público y a un proceso privado. |
| 650 14 - SUBJECT ADDED ENTRY--TOPICAL TERM | |
| Topical term or geographic name entry element | Derecho procesal |
| 9 (RLIN) | 17279 |
| General subdivision | Teoría, etc. |
| 650 24 - SUBJECT ADDED ENTRY--TOPICAL TERM | |
| Topical term or geographic name entry element | Procedimiento civil |
| 9 (RLIN) | 9109 |
| 650 24 - SUBJECT ADDED ENTRY--TOPICAL TERM | |
| Topical term or geographic name entry element | Prueba (Derecho) |
| 9 (RLIN) | 13752 |
| 700 1# - ADDED ENTRY--PERSONAL NAME | |
| Personal name | Prieto, Eugenio, |
| Relator term | autor |
| 9 (RLIN) | 39836 |
| 942 ## - ADDED ENTRY ELEMENTS (KOHA) | |
| Source of classification or shelving scheme | Dewey Decimal Classification |
| Koha item type | Books |
| Withdrawn status | Lost status | Source of classification or shelving scheme | Damaged status | Not for loan | Collection code | Home library | Current library | Date acquired | Source of acquisition | Full call number | Barcode | Date last seen | Copy number | Koha item type |
|---|---|---|---|---|---|---|---|---|---|---|---|---|---|---|
| Dewey Decimal Classification | Non-fiction | Biblioteca Pública José María del Castillo y Rada | Biblioteca Pública José María del Castillo y Rada | 04/15/2018 | Donación | 347.9 / Q78t | 430006424 | 05/16/2024 | Ej.1 | Books |